000 01049nam a2200241Ia 4500
003 OSt
005 20200803152424.0
008 191128s2002 ck fr 000 0 spa d
020 _a9586166570
040 _aCO-JMCR
_cCO-JMCR
041 0 _aspa
082 0 4 _a342.86 /
_bR436d
_223
100 1 _aRestrepo Piedrahita, Carlos,
_ecompilador
_9442
245 1 0 _aDocumentos para la historia del constitucionalismo colombiano /
_crecopilación Carlos Restrepo Piedrahita
250 _aPrimera edición
260 _aBogotá :
_bUniversidad Externado de Colombia,
_c2002
300 _a315 páginas ;
_c21 cm.
490 0 _aInstituto de Estudios Constitucionales Carlos Restrepo Piedrahita ;
_v3
505 0 _aBolívar constitucionalista -- La otra perspectiva -- Santander y la soberanía de la Nueva Granada -- Hipótesis y desgana de monarquía -- Vicente Azuero: ideólogo liberal -- Un caminante demócrata
650 1 4 _aDerecho constitucional
_xhistoria
_zColombia
_98264
651 4 _aColombia
_xhistoria constitucional
_97710
942 _2ddc
_cBK
999 _c3848
_d3848